[Event "CZE-chT2C 1920"]
[Site "Czech Republic"]
[Date "2020.06.28"]
[Round "11.5"]
[White "Krtous, Zdenek"]
[Black "Kubin, Vladimir"]
[Result "0-1"]
[WhiteElo "2069"]
[BlackElo "2045"]
[PlyCount "60"]
[EventDate "2019.10.13"]
[EventType "team-tourn"]
[EventRounds "11"]
[EventCountry "CZE"]
[SourceTitle "EXT 2024"]
[Source "ChessBase"]
[SourceDate "2023.10.10"]
[SourceVersion "1"]
[SourceVersionDate "2023.10.10"]
[SourceQuality "1"]
[WhiteTeam "Liberec Desko"]
[BlackTeam "Mlada Boleslav"]
[WhiteTeamCountry "CZE"]
[BlackTeamCountry "CZE"]

1. e4 c6 2. d4 d5 3. exd5 cxd5 4. c4 Nf6 5. Nc3 Nc6 6. Bg5 Be6 7. Nge2 h6 8. Bxf6 exf6 9. cxd5 Bxd5 10. Nf4 Bb4 11. Qe2+ Kf8 12. Qb5 Qe7+ 13. Kd2 Be6 14. d5 Qd6 15. g3 Ne5 16. Bg2 a6 17. Qe2 Bg4 18. f3 Bf5 19. Rhd1 g5 20. Bh3 Bh7 21. Nh5 Bd3 22. Qxd3 Nxd3 23. Kxd3 Bxc3 24. bxc3 Qxd5+ 25. Ke2 Re8+ 26. Kf2 Qc5+ 27. Rd4 Rd8 28. Kf1 Rxd4 29. cxd4 Qc4+ 30. Kg2 Qe2+ 0-1

[Event "CZE-chT2B 1718"]
[Site "Czech Republic"]
[Date "2018.03.18"]
[Round "10.5"]
[White "Havranek, Tomas"]
[Black "Kubin, Vladimir"]
[Result "1/2-1/2"]
[WhiteElo "2016"]
[BlackElo "2032"]
[PlyCount "35"]
[EventDate "2017.10.15"]
[EventType "team-tourn"]
[EventRounds "11"]
[EventCountry "CZE"]
[SourceTitle "EXT 2022"]
[Source "ChessBase"]
[SourceDate "2021.10.06"]
[SourceVersion "1"]
[SourceVersionDate "2021.10.06"]
[SourceQuality "1"]
[WhiteTeam "Decin"]
[BlackTeam "Mlada Boleslav"]
[WhiteTeamCountry "CZE"]
[BlackTeamCountry "CZE"]

1. e4 c6 2. d4 d5 3. Nc3 dxe4 4. Nxe4 Bf5 5. Ng3 Bg6 6. Nf3 Nd7 7. h4 h6 8. h5 Bh7 9. Bd3 Bxd3 10. Qxd3 e6 11. Bd2 Ngf6 12. 0-0-0 Be7 13. Qe2 0-0 14. Ne5 c5 15. dxc5 Nxc5 16. Kb1 Qb6 17. Nc4 Qb5 18. Ne5 1/2-1/2

[Event "CZE-chT2B 1617"]
[Site "Czech Republic"]
[Date "2016.12.11"]
[Round "5.4"]
[White "Marsalek, Zdenek"]
[Black "Kubin, Vladimir"]
[Result "1-0"]
[WhiteElo "2176"]
[BlackElo "2040"]
[PlyCount "61"]
[EventDate "2016.10.09"]
[EventType "team-tourn"]
[EventRounds "11"]
[EventCountry "CZE"]
[SourceTitle "EXT 2022"]
[Source "ChessBase"]
[SourceDate "2021.10.06"]
[SourceVersion "1"]
[SourceVersionDate "2021.10.06"]
[SourceQuality "1"]
[WhiteTeam "Turnov Zikuda II"]
[BlackTeam "Mlada Boleslav"]
[WhiteTeamCountry "CZE"]
[BlackTeamCountry "CZE"]

1. d4 Nf6 2. Nf3 e6 3. g3 Be7 4. Bg2 0-0 5. 0-0 d5 6. c4 c6 7. Nc3 Nbd7 8. Qb3 Qb6 9. Rd1 Qa6 10. Nd2 Rb8 11. a4 Qb6 12. Qxb6 Nxb6 13. a5 Nxc4 14. Nxc4 dxc4 15. Bf4 Ra8 16. e4 Bd7 17. Na4 Bb4 18. Bg5 Rab8 19. Nc5 b6 20. axb6 axb6 21. Na6 Ba5 22. Nxb8 Rxb8 23. Rdc1 h6 24. Bf4 Rd8 25. Rxc4 b5 26. Rc2 Bb6 27. Rd2 g5 28. Be5 Ng4 29. Ra6 Nxe5 30. dxe5 Bc7 31. Ra7 1-0

[Event "CZE-chT2B 1617"]
[Site "Czech Republic"]
[Date "2016.11.13"]
[Round "3.5"]
[White "Kubin, Vladimir"]
[Black "Bayer, Radek"]
[Result "1/2-1/2"]
[WhiteElo "2040"]
[BlackElo "2025"]
[PlyCount "27"]
[EventDate "2016.10.09"]
[EventType "team-tourn"]
[EventRounds "11"]
[EventCountry "CZE"]
[SourceTitle "EXT 2022"]
[Source "ChessBase"]
[SourceDate "2021.10.06"]
[SourceVersion "1"]
[SourceVersionDate "2021.10.06"]
[SourceQuality "1"]
[WhiteTeam "Mlada Boleslav"]
[BlackTeam "Teplice"]
[WhiteTeamCountry "CZE"]
[BlackTeamCountry "CZE"]

1. d4 Nf6 2. Nf3 e6 3. g3 b6 4. Bg2 Bb7 5. 0-0 c5 6. c4 cxd4 7. Nxd4 Bxg2 8. Kxg2 d5 9. Qa4+ Qd7 10. Qxd7+ Nbxd7 11. cxd5 Nxd5 12. e4 Nb4 13. Nc3 Rc8 14. a3 1/2-1/2

[Event "CZE-chT2B 1516"]
[Site "Czech Republic"]
[Date "2015.11.22"]
[Round "3.7"]
[White "Sedivy, Ales"]
[Black "Kubin, Vladimir"]
[Result "0-1"]
[WhiteElo "1931"]
[BlackElo "2077"]
[PlyCount "72"]
[EventDate "2015.10.18"]
[EventType "team-tourn"]
[EventRounds "11"]
[EventCountry "CZE"]
[SourceTitle "EXT 2022"]
[Source "ChessBase"]
[SourceDate "2021.10.06"]
[SourceVersion "1"]
[SourceVersionDate "2021.10.06"]
[SourceQuality "1"]
[WhiteTeam "Jicin III"]
[BlackTeam "Mlada Boleslav"]
[WhiteTeamCountry "CZE"]
[BlackTeamCountry "CZE"]

1. f4 d5 2. Nf3 Nf6 3. e3 Bg4 4. b3 e6 5. Bb2 Nbd7 6. Be2 c6 7. h3 Bxf3 8. Bxf3 Bd6 9. Qe2 Qc7 10. g4 0-0-0 11. d3 e5 12. g5 Ne8 13. f5 h6 14. gxh6 Rxh6 15. e4 Nef6 16. Nd2 Qa5 17. a4 Bb4 18. 0-0-0 d4 19. Nc4 Qc5 20. Rdg1 b5 21. axb5 cxb5 22. Nd2 Ne8 23. Nb1 Ndf6 24. Qf2 a5 25. Nd2 Rd7 26. Kd1 Re7 27. Nb1 a4 28. bxa4 bxa4 29. Ba1 a3 30. c4 dxc3 31. Qxc5+ Bxc5 32. Rg2 Bb4 33. Rhh2 Nd6 34. Rxg7 Nb5 35. Rgg2 Nd4 36. Bg4 Nxg4 0-1

[Event "CZE-chT2B 1516"]
[Site "Czech Republic"]
[Date "2015.11.08"]
[Round "2.7"]
[White "Kubin, Vladimir"]
[Black "Chaloupka, Frantisek"]
[Result "1-0"]
[WhiteElo "2077"]
[BlackElo "2018"]
[PlyCount "85"]
[EventDate "2015.10.18"]
[EventType "team-tourn"]
[EventRounds "11"]
[EventCountry "CZE"]
[SourceTitle "EXT 2022"]
[Source "ChessBase"]
[SourceDate "2021.10.06"]
[SourceVersion "1"]
[SourceVersionDate "2021.10.06"]
[SourceQuality "1"]
[WhiteTeam "Mlada Boleslav"]
[BlackTeam "Litomerice"]
[WhiteTeamCountry "CZE"]
[BlackTeamCountry "CZE"]

1. c4 c5 2. g3 g6 3. Bg2 Bg7 4. Nc3 e6 5. Nf3 Ne7 6. 0-0 d5 7. cxd5 exd5 8. d4 cxd4 9. Nxd4 Nbc6 10. Be3 0-0 11. Nxc6 bxc6 12. Bd4 Be6 13. Bxg7 Kxg7 14. Qd4+ Kg8 15. e4 Qb6 16. Qxb6 axb6 17. exd5 cxd5 18. Rfd1 Rfd8 19. Rd2 Ra7 20. Nb5 Rad7 21. Nd4 Rd6 22. Rc1 Rc8 23. Rxc8+ Bxc8 24. f4 Bb7 25. Kf2 Kf8 26. Rc2 Nc6 27. Nxc6 Rxc6 28. Rxc6 Bxc6 29. Ke2 Ke7 30. Kd3 Kd6 31. Kd4 h5 32. Bf3 f5 33. b4 b5 34. h3 Bb7 35. Be2 Bc6 36. Bd3 Bd7 37. Bc2 Be8 38. Bb3 Bc6 39. a3 Bb7 40. a4 bxa4 41. Bxa4 Ke6 42. Be8 Kf6 43. b5 1-0

[Event "CZE-chT2B 1415"]
[Site "Czech Republic"]
[Date "2014.11.16"]
[Round "2.7"]
[White "Bayer, Radek"]
[Black "Kubin, Vladimir"]
[Result "0-1"]
[WhiteElo "2044"]
[BlackElo "2036"]
[PlyCount "32"]
[EventDate "2014.11.02"]
[EventType "team-tourn"]
[EventRounds "11"]
[EventCountry "CZE"]
[SourceTitle "EXT 2022"]
[Source "ChessBase"]
[SourceDate "2021.10.06"]
[SourceVersion "1"]
[SourceVersionDate "2021.10.06"]
[SourceQuality "1"]
[WhiteTeam "Teplice"]
[BlackTeam "Mlada Boleslav"]
[WhiteTeamCountry "CZE"]
[BlackTeamCountry "CZE"]

1. e4 c6 2. d4 d5 3. e5 c5 4. c3 Nc6 5. Nf3 Bg4 6. Be2 e6 7. 0-0 Nge7 8. Nbd2 Nf5 9. h3 Bxf3 10. Nxf3 cxd4 11. cxd4 Qb6 12. Be3 Be7 13. Qd3 0-0 14. Qb5 Nfxd4 15. Nxd4 Nxd4 16. Rfd1 Qxb5 0-1

[Event "CZE-chT3A Middle 0506  "]
[Site "Czech Republic"]
[Date "2006.01.22"]
[Round "6.5"]
[White "Kopecky, Jiri"]
[Black "Kubin, Vladimir"]
[Result "1-0"]
[WhiteElo "1986"]
[BlackElo "2006"]
[PlyCount "85"]
[EventDate "2005.10.30"]
[EventType "team"]
[EventRounds "11"]
[EventCountry "CZE"]
[SourceTitle "EXT 2009"]
[Source "ChessBase"]
[SourceDate "2008.11.26"]
[SourceVersion "1"]
[SourceVersionDate "2008.11.26"]
[SourceQuality "1"]

1. e4 c6 2. d4 d5 3. exd5 cxd5 4. c4 Nf6 5. Nc3 e6 6. Nf3 Be7 7. Bd3 dxc4 8. Bxc4 Nbd7 9. 0-0 0-0 10. Re1 Nb6 11. Bb3 Nfd5 12. a3 Bd7 13. Qd3 Rc8 14. Bc2 g6 15. Bh6 Re8 16. Bb3 a6 17. Ne5 Nxc3 18. bxc3 Bf6 19. c4 Ba4 20. Bxa4 Nxa4 21. Rab1 Nb6 22. c5 Bxe5 23. Rxb6 Qxd4 24. Qf3 Qxc5 25. Rxb7 Rc7 26. h4 a5 27. a4 Rxb7 28. Qxb7 Rb8 29. Qd7 Bg7 30. Rc1 Qf8 31. Bf4 e5 32. Be3 e4 33. Rc5 Bh6 34. Rxa5 Rb1+ 35. Kh2 Qb8+ 36. g3 Bxe3 37. fxe3 Qb2+ 38. Kh3 Rh1+ 39. Kg4 Qe2+ 40. Kg5 Qh5+ 41. Kf6 Rf1+ 42. Ke7 Qxa5 43. Qe8+ 1-0

[Event "CZE-chT3A Middle 0506  "]
[Site "Czech Republic"]
[Date "2006.01.08"]
[Round "5.7"]
[White "Kubin, Vladimir"]
[Black "Rigo, Imrich"]
[Result "1-0"]
[WhiteElo "2006"]
[BlackElo "1993"]
[PlyCount "129"]
[EventDate "2005.10.30"]
[EventType "team"]
[EventRounds "11"]
[EventCountry "CZE"]
[SourceTitle "EXT 2009"]
[Source "ChessBase"]
[SourceDate "2008.11.26"]
[SourceVersion "1"]
[SourceVersionDate "2008.11.26"]
[SourceQuality "1"]

1. d4 d5 2. c4 e6 3. Nc3 c6 4. cxd5 exd5 5. Nf3 Be7 6. Bf4 Nf6 7. e3 Nbd7 8. Bd3 0-0 9. Qc2 Re8 10. 0-0 Nf8 11. Rab1 a5 12. Rfc1 Nh5 13. Be5 g6 14. a3 Ne6 15. b4 axb4 16. axb4 f6 17. Bg3 Nxg3 18. hxg3 Kg7 19. b5 c5 20. dxc5 Nxc5 21. Ra1 Rxa1 22. Rxa1 Be6 23. Nd4 Bf7 24. Be2 Qd6 25. Bf3 Qe5 26. Ra7 Rc8 27. Na4 Qb8 28. b6 Nxa4 29. Qxa4 Rd8 30. Nb3 Be8 31. Qa5 Bc6 32. Nd4 Qd6 33. Qc3 Rc8 34. Qb3 Qb4 35. Qxb4 Bxb4 36. Nxc6 Rxc6 37. Rxb7+ Kh6 38. Bxd5 Rd6 39. Bg8 Kg5 40. Bxh7 Bc5 41. Rg7 Kh6 42. b7 Ba7 43. Rc7 Rb6 44. Kf1 Bb8 45. Rd7 Rb2 46. Bg8 Kg5 47. Bd5 Kf5 48. Bf3 Ke6 49. Rd1 Bd6 50. g4 g5 51. Be4 Ke7 52. g3 Bc5 53. Ra1 Bd6 54. Kg2 Be5 55. Rd1 Bd6 56. Kf3 Be5 57. Rb1 Rxb1 58. Bxb1 Bb8 59. Ke4 Ke6 60. Ba2+ Ke7 61. Kf5 Bd6 62. f4 Bb8 63. fxg5 fxg5 64. Kxg5 Bxg3 65. Kf5 1-0